Principles of mineral dressing (Record no. 11856)
[ view plain ]
| 000 -LEADER | |
|---|---|
| fixed length control field | 00839cam a22002411 4500 |
| 001 - CONTROL NUMBER | |
| control field | 5972550 |
| 005 - DATE AND TIME OF LATEST TRANSACTION | |
| control field | 20051012144114.0 |
| 008 - FIXED-LENGTH DATA ELEMENTS--GENERAL INFORMATION | |
| fixed length control field | 720421s1939 nyua b 000 0 eng |
| 010 ## - LIBRARY OF CONGRESS CONTROL NUMBER | |
| LC control number | 40001088 |
| 035 ## - SYSTEM CONTROL NUMBER | |
| System control number | (OCoLC)290914 |
| 040 ## - CATALOGING SOURCE | |
| Original cataloging agency | DLC |
| Transcribing agency | ODaWU |
| Modifying agency | DP |
| -- | WaChenE |
| -- | DLC |
| 042 ## - AUTHENTICATION CODE | |
| Authentication code | premarc |
| 050 00 - LIBRARY OF CONGRESS CALL NUMBER | |
| Classification number | TN500 |
| Item number | .G25 |
| 082 ## - DEWEY DECIMAL CLASSIFICATION NUMBER | |
| Classification number | 622.7 |
| Item number | GAU |
| 100 1# - MAIN ENTRY--PERSONAL NAME | |
| Personal name | Gaudin, Antoine Marc, |
| Dates associated with a name | 1900-1974. |
| 9 (RLIN) | 6270 |
| 245 10 - TITLE STATEMENT | |
| Title | Principles of mineral dressing |
| Statement of responsibility, etc | by A.M. Gaudin. |
| 260 ## - PUBLICATION, DISTRIBUTION, ETC. (IMPRINT) | |
| Place of publication, distribution, etc | New York, |
| -- | London, |
| Name of publisher, distributor, etc | McGraw-Hill Book Company, inc., |
| Date of publication, distribution, etc | 1939. |
| 300 ## - PHYSICAL DESCRIPTION | |
| Extent | xi, 554 p. ; |
| Dimensions | 24 cm. |
| 504 ## - BIBLIOGRAPHY, ETC. NOTE | |
| Bibliography, etc | "Literature cited" at end of each chapter. |
| 650 #0 - SUBJECT ADDED ENTRY--TOPICAL TERM | |
| Topical term or geographic name as entry element | Ore-dressing. |
| 9 (RLIN) | 6271 |
| 942 ## - ADDED ENTRY ELEMENTS (KOHA) | |
| Source of classification or shelving scheme | Dewey Decimal Classification |
| Item type | Book - Borrowing |
| Withdrawn status | Item status | Source of classification or shelving scheme | Damaged status | Not for loan | Vendor | Home library | Current library | Shelving location | Date acquired | Source of acquisition | Cost, normal purchase price | Total Checkouts | Full call number | Barcode | Date last seen | Date last borrowed | Koha item type |
|---|---|---|---|---|---|---|---|---|---|---|---|---|---|---|---|---|---|
| Dewey Decimal Classification | Alef-Baa | Central Library | Central Library | First floor | 17/06/2009 | 150.00 | 1 | 622.7 GAU | 000016852 | 15/07/2025 | 19/12/2012 | Book - Borrowing |